000 01396nmm a2200373 a 4500
001 ocm0002146132
003 TR-IsHL
005 20201028181926.0
008 190120s2015 tu tur
007 cr cn
020 _a9786054535514
035 _a2146132
_b(N$T)
050 0 4 _aPJ 6065
_b.Ö93 2015
090 0 4 _aPJ 6065
_b.Ö93 2015
100 1 _aÖzcan, Murat
245 1 0 _aOyunlarla ve etkinliklerle Arapça öğretimi: kuramdan uygulamaya öğretmenler için iletişimsel oyunlar ve etkinlikler
_h[electronic resource] /
_cMurat Özcan ; Gürkan Dağbaşı ; yayına hazırlayan Muhammed Ağırakça ; tercüme Rabia Taşkan, Melike Taşkan ; tashih Esma Bengü Kara
250 _a1. Basım
260 _aİstanbul :
_bAkdem Yayınları,
_c2015
300 _a144 p.
500 _aKaynakça var.
650 4 _aDil ve Edebiyat
650 4 _aLanguage and Literature
650 0 _aArap dili
650 0 _aArabic language
650 0 _aArap dili
_x Çalışma ve öğretim
650 0 _aArabic language
_x Study and teaching
650 7 _aLANGUAGE ARTS & DISCIPLINES / Study & Teaching
_2bisacsh
700 1 _aDağbaşı, Gürkan
700 1 _aAğırakça, Muhammed
700 1 _aTaşkan, Rabia
700 1 _aTaşkan, Melike
700 1 _aKara, Esma
856 4 0 _uhttp://search.ebscohost.com/login.aspx?direct=true&scope=site&db=e011xww&AN=2146132
999 _c19830
_d19830